| 000 | 01489nam a2200205Ia 4500 | ||
|---|---|---|---|
| 003 | Ost | ||
| 005 | 20260507075554.0 | ||
| 008 | 260507s9999||||xx |||||||||||||| ||und|| | ||
| 040 | _cfsecg | ||
| 041 | _aara | ||
| 082 | _a300 | ||
| 100 |
_aالنجار، محمد محسن ابراهيم _eمؤلف |
||
| 245 | 0 |
_aالتنظيم القانوني لعناصر الملكية التجارية و الصناعية : _bفي ضوء أحكام اتفاقية التربس و قانون الملكية الفكرية رقم 82 لسنة 2002 / _c محمد محسن ابراهيم النجار |
|
| 260 |
_aالاسكندرية: _bدار الجامعة الجديدة للنشر, _c2005 |
||
| 300 |
_a279 صفحة؛ _c24 سم |
||
| 520 | _aاثر نفاذ الاتفاقية على حقوق الملكية الفكرية التقليدية و هذا من خلال واقع براءات الاختراع بين اتفاقية تربس و قانون حماية الملكية الفكرية و عناصر الملكية التجارية الصناعية و اتفاقية التربس, كذلك اثر الاتفاقية على حقوق الملكية الفكرية المستحدثة و هذا من خلال التوسع في نطاق الحماية بموجب القواعد القانونية التقليدية و الحماية القانونية للمعارف الفنية. | ||
| 653 | _aالتنظيم القانوني | ||
| 653 | _aالملكية التجارية | ||
| 942 | _cكتاب | ||
| 999 |
_c44950 _d44950 |
||